| 000 | 00474nam a22001817a 4500 | ||
|---|---|---|---|
| 005 | 20240315105744.0 | ||
| 008 | 240315b |||||||| |||| 00| 0 eng d | ||
| 020 | _a9780074313377 | ||
| 082 |
_a616.07 _bBRO-P |
||
| 100 | _aBrown Earl J. | ||
| 245 |
_aPretest Pathology / _cEarl J. Brown |
||
| 250 | _a13 ed. | ||
| 260 |
_aAsia : _bMcGraw Hill; _c2017 |
||
| 300 |
_axi ;612p. : _bill; _c21 cm. |
||
| 500 | _aInclude index . | ||
| 650 | _aMedical / Pathology | ||
| 999 |
_c35384 _d35384 |
||